Wuthering Waves characters but really badly explained - Statistics

General Stats
  • This quiz has been taken 106 times
  • The average score is 33 of 41
Answer Stats
Hint Answer % Correct
Finally, an MC who's actually useful, completely lost the plot though Rover
97%
Yoimiya with red hair dye, there is no calming her hype down Chixia
95%
The kid with flowers, that's it she's literally that, ruled the healer meta until SK showed up Verina
92%
Game's poster girl (the app icon) yet had no real lore about her Yangyang
91%
People were having a contest as to who's the better lion dancer between him and Gaming, ruiner of 50/50's Lingyang
90%
Butterfly lady, the universal support that's so versatile it's amazing Shorekeeper
88%
This game's Klee except she's way more traumatized Encore
87%
Oh my god is that Scottish Mavuika whose element is not fusion??? Also you can fight her in the overworld Augusta
86%
Red scientist who has dragon scales on his tiddies. You'll thank me later Mortefi
86%
The cool uncle with sunglasses Aalto
85%
Theater kid who became a pirate AND an actual outlaw legend, mad respect Brant
85%
Has been in the game since the start yet we have no explanation for why he's here (suspected to be a New Federation character in disguise), also has the same VA as Vergil (looks like him too) Calcharo
85%
Her mains are literally unhinged. They WILL clear anything with ONLY her Danjin
85%
Red Yelan Yinlin
85%
Jellyfish mamasitas who's realllly testing this game's jiggle physics engine, the debate around her being gooner material was something, and no one expected intense childhood trauma as her backstory holy hell Cantarella
83%
Her hair is bird feathers, would sell my soul for her summer skin Changli
82%
Blade and Dan Heng's lost fanchild, why is he so ripped thoe Jiyan
82%
Cartwheel who runs on angst, we finally got a playable boss that doesn't feel like a downgrade Cartethyia/ Fleurdelys
81%
The elf singer that is also ridiculously good as a support Ciaccona
81%
Mona except she no longer has money problems and has instead ascended to the stars Iuno
81%
The example of this game's hilarious jiggle physics with pink hair Taoqi
81%
Always on the verge of dying, thinks beating someone to death with a metal pipe is fun (probably, this isn't canon) Camellya
79%
First Resonator to have a beast companion she talks to, they're each other's worst nightmare Galbrena
79%
Amazon delivery mouse Lumi
79%
Sponsored by redbull, except it's not redbull it's redwolf Lupa
79%
The swaggest hat ingame, will slap you with her stick, also very religious (wait till she learns the Order isn't good) Phoebe
79%
Oh god she's dead, made the fandom explode on who was right or wrong in her quest, 7/10 to some people (ifykyk) Phrolova
79%
Her tacet mark is in her eye, also needs some smile practice Sanhua
79%
Overworked half demon half ram (??? idk what she is) with the juiciest accent possible, sponsored by energy drinks and is actually Batman Zani
79%
Jinzhou really said "Rover's in trouble, let's send our best element" and it's a blind drunkard dude Qiuyuan
76%
Her haircut is giving Kirari from Kakegurui ngl Jinhsi
74%
Sucrose except she changed careers and decided to do art, however she couldn't separate herself from her social anxiety Zhezhi
74%
Mafia girlie except she pulled up with pink, somehow this remains swag (and i lowk want her jacket) Carlotta
73%
Ok, who dropped Lyney, Lynette and Freminet's fourth sibling on a ship???? Roccia
73%
Is she a Vtuber or... also first New Federation character Chisa
72%
Has a pet dragon thing that spins like a beyblade Baizhi
71%
The free 5star of this game XiangliYao
71%
Gymbro but we never see the gym nor the bro for more than five minutes, also has the Discord mod fedora Yuanwu
69%
Aiyaaaaa, also KURO WHERE ARE HER SUNGLASSES???? Buling
68%
Teapot girl whose kit is so confusing I'm not even bothering playing her (I'm stupid) Youhu
65%
She has the longest ahoge, therefore she must be the protagonist (Danganronpa logic) Jianxin
60%
No matching quizzes found
Score Distribution
Percent of People with Each Score
Percentile by Number Answered
Your Score History
You have not taken this quiz